[Event "Bremen Silvester op"]
[Site "Bremen"]
[Date "2019.12.28"]
[Round "3"]
[White "Klemm, Robert"]
[Black "Reuker, Matthias"]
[Result "1/2-1/2"]
[WhiteElo "1802"]
[BlackElo "2016"]
[PlyCount "104"]
[EventDate "2019.12.27"]
[EventType "swiss"]
[EventRounds "7"]
[EventCountry "GER"]
[SourceTitle "CBM 194 Extra"]
[Source "ChessBase"]
[SourceDate "2020.03.31"]
[SourceVersion "1"]
[SourceVersionDate "2020.03.31"]
[SourceQuality "1"]

1. d4 f5 2. Nf3 Nf6 3. g3 g6 4. Bg2 Bg7 5. 0-0 d6 6. c4 0-0 7. b3 e5 8. e3 c6 9. Ba3 Re8 10. Nc3 e4 11. Ne1 Na6 12. Rc1 Rb8 13. Qe2 Be6 14. Nc2 Qd7 15. Rfd1 b5 16. cxb5 cxb5 17. Nb4 Nxb4 18. Bxb4 Rec8 19. Bf1 a6 20. Qb2 Rc6 21. Ne2 Rbc8 22. Rxc6 Rxc6 23. Rc1 Nd5 24. Bd2 g5 25. Rc2 Qc7 26. Rxc6 Qxc6 27. Qc1 Qxc1 28. Nxc1 f4 29. a4 Bd7 30. axb5 Bxb5 31. Bc4 Bxc4 32. bxc4 fxe3 33. fxe3 Nb6 34. c5 Nc4 35. c6 Kf7 36. c7 Nb6 37. Ba5 Nc8 38. Na2 Ke6 39. Nb4 Kd7 40. Kf1 Ne7 41. Ke1 g4 42. Kd2 Bh6 43. Nxa6 Kc6 44. Nb4+ Kb7 45. Nc2 Nc6 46. Bb6 Ne7 47. Ba5 Nd5 48. Ke2 Bg5 49. Kd2 h5 50. Ke2 Bh6 51. Kd2 Bg5 52. Ke2 Bh6 1/2-1/2

[Event "Bremen Silvester op"]
[Site "Bremen"]
[Date "2019.12.27"]
[Round "1"]
[White "Weinitschke, Harald"]
[Black "Reuker, Matthias"]
[Result "0-1"]
[WhiteElo "1551"]
[BlackElo "2016"]
[PlyCount "70"]
[EventDate "2019.12.27"]
[EventType "swiss"]
[EventRounds "7"]
[EventCountry "GER"]
[SourceTitle "CBM 194 Extra"]
[Source "ChessBase"]
[SourceDate "2020.03.31"]
[SourceVersion "1"]
[SourceVersionDate "2020.03.31"]
[SourceQuality "1"]

1. d4 Nf6 2. c4 e6 3. Nc3 Bb4 4. Bd2 0-0 5. Nf3 b6 6. g3 Bb7 7. Bg2 d6 8. 0-0 Nbd7 9. Qc2 c5 10. Nb5 Be4 11. Qd1 Bxd2 12. Nxd2 Bxg2 13. Kxg2 Qe7 14. e3 Rfd8 15. Qf3 d5 16. Rfe1 a6 17. Nc3 Rac8 18. cxd5 exd5 19. e4 cxd4 20. Nxd5 Nxd5 21. exd5 Qb4 22. Ne4 Qb5 23. Nd6 Ne5 24. Nxb5 Nxf3 25. Kxf3 axb5 26. Rac1 f5 27. Kf4 Rc4 28. Rxc4 bxc4 29. Ke5 Re8+ 30. Kxd4 Rxe1 31. Kxc4 Re2 32. Kb5 Rxb2+ 33. Kc6 Kf7 34. Kc7 Rxa2 35. Kxb6 Ke7 0-1

[Event "Lueneburg op-A"]
[Site "Lueneburg"]
[Date "2019.08.10"]
[Round "8"]
[White "Reuker, Matthias"]
[Black "Stork, Oliver"]
[Result "0-1"]
[WhiteElo "2012"]
[BlackElo "2322"]
[PlyCount "78"]
[EventDate "2019.08.03"]
[EventType "swiss"]
[EventRounds "9"]
[EventCountry "GER"]
[SourceTitle "CBM 191 Extra"]
[Source "ChessBase"]
[SourceDate "2019.09.30"]
[SourceVersion "1"]
[SourceVersionDate "2019.09.30"]
[SourceQuality "1"]

1. e4 c6 2. d4 d5 3. Nd2 dxe4 4. Nxe4 Nf6 5. Nxf6+ exf6 6. c3 Bd6 7. Bd3 0-0 8. Ne2 Re8 9. Qc2 h5 10. 0-0 Qc7 11. h3 Nd7 12. Be3 Nf8 13. c4 g6 14. c5 Be7 15. Nf4 Ne6 16. Bxg6 Nxf4 17. Bxf7+ Kxf7 18. Qh7+ Ke6 19. Qe4+ Kd7 20. Bxf4 Bd6 21. Qf5+ Kd8 22. cxd6 Qf7 23. Qd3 Be6 24. Rfe1 Kd7 25. h4 Bc4 26. Qh3+ Be6 27. Qc3 b6 28. b4 Bd5 29. b5 Qg8 30. Qh3+ Qg4 31. Qxg4+ hxg4 32. bxc6+ Bxc6 33. Red1 Re4 34. g3 Bd5 35. Rdc1 Rxd4 36. Rc7+ Ke6 37. h5 Rh8 38. h6 Rxf4 39. Re7+ Kxd6 0-1

[Event "Lueneburg op-A"]
[Site "Lueneburg"]
[Date "2019.08.05"]
[Round "3"]
[White "Chmielewski, Axel"]
[Black "Reuker, Matthias"]
[Result "0-1"]
[WhiteElo "1811"]
[BlackElo "2012"]
[PlyCount "78"]
[EventDate "2019.08.03"]
[EventType "swiss"]
[EventRounds "9"]
[EventCountry "GER"]
[SourceTitle "CBM 191 Extra"]
[Source "ChessBase"]
[SourceDate "2019.09.30"]
[SourceVersion "1"]
[SourceVersionDate "2019.09.30"]
[SourceQuality "1"]

1. d4 Nf6 2. c4 e6 3. Nf3 d5 4. e3 b6 5. cxd5 exd5 6. Bd3 Bd6 7. 0-0 0-0 8. Qc2 Ba6 9. Nc3 Bxd3 10. Qxd3 Re8 11. a3 Nbd7 12. b4 c6 13. Bb2 b5 14. Ne2 Nb6 15. Ne5 Nc4 16. Qc2 Bxe5 17. dxe5 Ng4 18. Bd4 Qh4 19. h3 Ngxe5 20. f4 Nd7 21. Rf3 Nf8 22. Ng3 Ne6 23. Nf5 Nxd4 24. exd4 Qf6 25. Rg3 g6 26. Qd3 Re4 27. Nh6+ Kg7 28. Ng4 Qxd4+ 29. Qxd4+ Rxd4 30. f5 a5 31. bxa5 Rxa5 32. f6+ Kf8 33. Re1 Re4 34. Rxe4 dxe4 35. Nf2 e3 36. Ne4 Rxa3 37. Rg4 Ra1+ 38. Kh2 e2 39. Rh4 h5 0-1

[Event "Bremen Silvester op"]
[Site "Bremen"]
[Date "2018.12.28"]
[Round "4"]
[White "Ditmas, Hugh"]
[Black "Reuker, Matthias"]
[Result "1-0"]
[WhiteElo "1978"]
[BlackElo "2036"]
[PlyCount "93"]
[EventDate "2018.12.27"]
[EventType "swiss"]
[EventRounds "7"]
[EventCountry "GER"]
[SourceTitle "CBM 188 Extra"]
[Source "ChessBase"]
[SourceDate "2019.02.26"]
[SourceVersion "1"]
[SourceVersionDate "2019.02.26"]
[SourceQuality "1"]

1. d4 f5 2. Nc3 Nf6 3. Bg5 d5 4. e3 e6 5. Nf3 Be7 6. Bd3 Nbd7 7. 0-0 0-0 8. h3 a6 9. Ne2 Ne4 10. Bxe7 Qxe7 11. c4 dxc4 12. Bxc4 b5 13. Bb3 c5 14. dxc5 Ndxc5 15. Ned4 Kh8 16. Ne5 Nxb3 17. axb3 Bb7 18. Qh5 Rf6 19. Rac1 Nd6 20. Ndc6 Qe8 21. Qxe8+ Rxe8 22. Rfd1 Nf7 23. Rd7 Bxc6 24. Rxf7 Bd5 25. Rcc7 Rxf7 26. Nxf7+ Kg8 27. b4 e5 28. Nd6 Rf8 29. Rc5 Bb3 30. Rxe5 g6 31. Nb7 Rc8 32. Rc5 Rxc5 33. Nxc5 Bc2 34. Kf1 Kf7 35. Ke2 Ke7 36. Kd2 Bb1 37. Kc3 h5 38. h4 Kd6 39. Kd4 Ba2 40. Nxa6 Bb3 41. Nc5 Bd5 42. f3 Bc4 43. e4 Bf1 44. e5+ Ke7 45. g3 Be2 46. f4 Bc4 47. Nb7 1-0

[Event "Niedersachsen-ch op A"]
[Site "Verden"]
[Date "2018.01.05"]
[Round "4"]
[White "Reuker, Matthias"]
[Black "Braje, Monika"]
[Result "1-0"]
[WhiteElo "2048"]
[BlackElo "1861"]
[PlyCount "33"]
[EventDate "2018.01.04"]
[EventType "swiss"]
[EventRounds "7"]
[EventCountry "GER"]
[SourceTitle "EXT 2022"]
[Source "ChessBase"]
[SourceDate "2021.10.06"]
[SourceVersion "1"]
[SourceVersionDate "2021.10.06"]
[SourceQuality "1"]

1. e4 d5 2. exd5 Nf6 3. Nf3 Nxd5 4. d4 g6 5. c4 Nb6 6. Nc3 Bg7 7. c5 Nd5 8. Bc4 c6 9. 0-0 0-0 10. Qb3 e6 11. Ne4 Nd7 12. Bg5 Qc7 13. Bxd5 exd5 14. Nd6 Bxd4 15. Nxd4 Nxc5 16. Qg3 Qb6 17. Be7 1-0

[Event "Niedersachsen-ch op A"]
[Site "Verden"]
[Date "2018.01.04"]
[Round "2"]
[White "Reuker, Matthias"]
[Black "Buehrmann, Torsten"]
[Result "1/2-1/2"]
[WhiteElo "2048"]
[BlackElo "1928"]
[PlyCount "87"]
[EventDate "2018.01.04"]
[EventType "swiss"]
[EventRounds "7"]
[EventCountry "GER"]
[SourceTitle "EXT 2022"]
[Source "ChessBase"]
[SourceDate "2021.10.06"]
[SourceVersion "1"]
[SourceVersionDate "2021.10.06"]
[SourceQuality "1"]

1. e4 e6 2. d4 d5 3. Nd2 Nc6 4. Ngf3 Nf6 5. e5 Nd7 6. c3 f6 7. Bb5 Be7 8. exf6 Bxf6 9. 0-0 0-0 10. Re1 Re8 11. Qa4 Nb6 12. Qc2 Bd7 13. Nb3 Nb4 14. cxb4 Bxb5 15. Nc5 Qc8 16. a4 Bd7 17. b3 Rb8 18. Bf4 Re7 19. Re3 Be8 20. Rae1 Bg6 21. Qc3 Be4 22. a5 Nd7 23. Nxe4 dxe4 24. Rxe4 Nf8 25. Qc4 Qd7 26. Be5 Rbe8 27. h4 h6 28. h5 Nh7 29. Bf4 c6 30. Qc5 a6 31. Qc4 Qd5 32. Ne5 Bxe5 33. Bxe5 Nf6 34. Bxf6 gxf6 35. Rg4+ Rg7 36. Rxg7+ Kxg7 37. Qd3 Qxh5 38. Re3 f5 39. Rh3 Qf7 40. Qg3+ Kh7 41. Qf4 Qg7 42. Rg3 Qe7 43. Rh3 Qg7 44. Rg3 1/2-1/2

[Event "Bremen Silvester op"]
[Site "Bremen"]
[Date "2017.12.29"]
[Round "6"]
[White "Reuker, Matthias"]
[Black "Colbow, Collin"]
[Result "0-1"]
[WhiteElo "2111"]
[BlackElo "2008"]
[PlyCount "142"]
[EventDate "2017.12.27"]
[EventType "swiss"]
[EventRounds "7"]
[EventCountry "GER"]
[SourceTitle "CBM 182 Extra"]
[Source "ChessBase"]
[SourceDate "2018.02.23"]
[SourceVersion "1"]
[SourceVersionDate "2018.02.23"]
[SourceQuality "1"]

1. e4 e5 2. Nf3 Nc6 3. d4 exd4 4. Nxd4 Nf6 5. Nxc6 bxc6 6. e5 Qe7 7. Qe2 Nd5 8. c4 Ba6 9. Nd2 g6 10. Ne4 Bg7 11. Bg5 Qxe5 12. Nc5 Qxe2+ 13. Bxe2 Nb4 14. 0-0-0 d6 15. Nxa6 Nxa6 16. Rhe1 0-0 17. Bf3 Rab8 18. b3 f6 19. Bd2 c5 20. Bd5+ Kh8 21. Re7 f5 22. Rde1 Bf6 23. Bh6 Nb4 24. Bxf8 Nxa2+ 25. Kd2 Rxf8 26. Re8 Kg7 27. Rxf8 Kxf8 28. Re6 Be7 29. f4 Nb4 30. h3 c6 31. Bf3 Kf7 32. Re2 d5 33. cxd5 cxd5 34. g3 Bd6 35. Kc3 Bc7 36. Re1 Bd8 37. Kd2 Bf6 38. g4 c4 39. bxc4 dxc4 40. Rb1 c3+ 41. Kc1 Nd3+ 42. Kc2 Nxf4 43. gxf5 gxf5 44. Rb7+ Kg6 45. h4 Ne6 46. h5+ Kg5 47. Bd1 h6 48. Rxa7 Nf4 49. Ra6 Ng2 50. Kd3 Ne1+ 51. Ke2 c2 52. Bxc2 Nxc2 53. Rd6 f4 54. Kf3 Nd4+ 55. Ke4 Ne2 56. Kf3 Nc3 57. Rc6 Kf5 58. Rc5+ Be5 59. Rc6 Ne4 60. Rxh6 Ng5+ 61. Kf2 Kg4 62. Kf1 f3 63. Ra6 Kxh5 64. Ra5 Bf4 65. Rf5 Kg4 66. Rf8 Nh3 67. Rg8+ Bg5 68. Rh8 Kg3 69. Rh7 Nf2 70. Rg7 Ne4 71. Rg8 Nd2+ 0-1

[Event "Pardubice Czech op-B 28th"]
[Site "Pardubice"]
[Date "2017.07.27"]
[Round "7"]
[White "Pliukha, Myhajlo"]
[Black "Reuker, Matthias"]
[Result "1/2-1/2"]
[WhiteElo "2009"]
[BlackElo "2127"]
[PlyCount "75"]
[EventDate "2017.07.21"]
[EventType "swiss"]
[EventRounds "9"]
[EventCountry "CZE"]
[SourceTitle "CBM 179 Extra"]
[Source "ChessBase"]
[SourceDate "2017.08.23"]
[SourceVersion "1"]
[SourceVersionDate "2017.08.23"]
[SourceQuality "1"]

1. e4 c5 2. d4 cxd4 3. c3 Nf6 4. e5 Nd5 5. cxd4 d6 6. Nf3 e6 7. exd6 Bxd6 8. Nc3 Nxc3 9. bxc3 0-0 10. Bd3 Qc7 11. Bd2 Nc6 12. Qe2 e5 13. 0-0 Bg4 14. Qe4 f5 15. Qd5+ Kh8 16. Ng5 e4 17. Ne6 Qd7 18. Bc4 Rf6 19. Rfb1 Rc8 20. Bf4 Na5 21. Qxa5 Rxc4 22. Nc5 Rxc5 23. dxc5 Bxf4 24. Rxb7 Qe8 25. Rxa7 Rf8 26. Qa4 Qxa4 27. Rxa4 Be2 28. Ra7 h6 29. a4 Be5 30. Rb1 Rc8 31. a5 Rxc5 32. a6 Ra5 33. Ra8+ Kh7 34. a7 Bxc3 35. Rc8 Bd3 36. Rd1 Be2 37. Rb1 Bd3 38. Rd1 1/2-1/2

[Event "Niedersachsen-ch op"]
[Site "Verden"]
[Date "2011.01.05"]
[Round "7"]
[White "Reuker, Matthias"]
[Black "Dopychai, Reent"]
[Result "1/2-1/2"]
[WhiteElo "2205"]
[BlackElo "1931"]
[PlyCount "24"]
[EventDate "2011.01.02"]
[EventType "swiss"]
[EventRounds "7"]
[EventCountry "GER"]
[SourceTitle "EXT 2018"]
[Source "ChessBase"]
[SourceDate "2017.10.13"]
[SourceVersion "1"]
[SourceVersionDate "2017.10.13"]
[SourceQuality "1"]

1. c4 d6 2. g3 e5 3. Bg2 g6 4. d4 Bg7 5. dxe5 dxe5 6. Qxd8+ Kxd8 7. Nc3 c6 8. Bg5+ f6 9. 0-0-0+ Kc7 10. Be3 Nh6 11. Bc5 Nf7 12. e4 Be6 1/2-1/2

[Event "Niedersachsen-ch op"]
[Site "Verden"]
[Date "2011.01.04"]
[Round "6"]
[White "Langer, Michael Sebastian"]
[Black "Reuker, Matthias"]
[Result "1/2-1/2"]
[WhiteElo "1990"]
[BlackElo "2205"]
[PlyCount "45"]
[EventDate "2011.01.02"]
[EventType "swiss"]
[EventRounds "7"]
[EventCountry "GER"]
[SourceTitle "EXT 2018"]
[Source "ChessBase"]
[SourceDate "2017.10.13"]
[SourceVersion "1"]
[SourceVersionDate "2017.10.13"]
[SourceQuality "1"]

1. Nf3 Nf6 2. d4 g6 3. c4 Bg7 4. g3 0-0 5. Bg2 c5 6. Nc3 cxd4 7. Nxd4 Nc6 8. Nxc6 bxc6 9. 0-0 Qa5 10. Bd2 Qb6 11. Qc2 Rd8 12. Rac1 d5 13. cxd5 cxd5 14. Na4 Qd6 15. Ba5 Bf5 16. Qc7 Ne4 17. Qxd6 Rxd6 18. Rfd1 Rc8 19. Rxc8+ Bxc8 20. Bb4 Rd7 21. Bxe4 dxe4 22. Rxd7 Bxd7 23. Nc3 1/2-1/2

[Event "Niedersachsen-ch op"]
[Site "Verden"]
[Date "2011.01.04"]
[Round "5"]
[White "Reuker, Matthias"]
[Black "Baisakow, Alexander"]
[Result "0-1"]
[WhiteElo "2205"]
[BlackElo "2147"]
[PlyCount "82"]
[EventDate "2011.01.02"]
[EventType "swiss"]
[EventRounds "7"]
[EventCountry "GER"]
[SourceTitle "EXT 2018"]
[Source "ChessBase"]
[SourceDate "2017.10.13"]
[SourceVersion "1"]
[SourceVersionDate "2017.10.13"]
[SourceQuality "1"]

1. c4 Nf6 2. Nc3 g6 3. g3 Bg7 4. Bg2 0-0 5. e3 c6 6. Nge2 d5 7. cxd5 cxd5 8. d4 Bf5 9. Qb3 Nc6 10. 0-0 Na5 11. Qa4 a6 12. b3 Nc6 13. b4 b5 14. Qb3 e6 15. Rd1 Qe7 16. a3 Rfb8 17. f3 a5 18. e4 axb4 19. exf5 bxc3 20. fxe6 Qxe6 21. Nf4 Qd7 22. Qxc3 Na5 23. Nd3 Nc4 24. Ne5 Qb7 25. Bg5 h6 26. Bxf6 Bxf6 27. f4 Be7 28. a4 Nxe5 29. dxe5 Rxa4 30. Rxa4 bxa4 31. Bxd5 Qa7+ 32. Kh1 a3 33. Qc2 Kg7 34. Rb1 Rxb1+ 35. Qxb1 Qd4 36. Ba2 Qf2 37. Bd5 Bc5 38. f5 a2 39. f6+ Kh7 40. Qd1 Qf5 41. Qa1 Qb1+ 0-1

[Event "Oberliga Nord W 9495"]
[Site "Germany"]
[Date "1994.10.09"]
[Round "1.5"]
[White "Reuker, Matthias"]
[Black "Salzenberg, Dirk"]
[Result "0-1"]
[WhiteElo "2265"]
[BlackElo "2230"]
[PlyCount "52"]
[EventDate "1994.10.??"]
[EventType "team"]
[EventRounds "9"]
[EventCountry "GER"]
[SourceTitle "EXT 2003"]
[Source "ChessBase"]
[SourceDate "2002.11.25"]
[SourceVersion "1"]
[SourceVersionDate "2002.11.25"]
[SourceQuality "1"]
[WhiteTeam "Hannover Post"]
[BlackTeam "Hameln"]
[WhiteTeamCountry "GER"]
[BlackTeamCountry "GER"]

1. c4 Nf6 2. Nc3 c6 3. e4 e5 4. d4 Bb4 5. dxe5 Nxe4 6. Bd2 Nxd2 7. Qxd2 0-0 8. Bd3 Qe7 9. 0-0-0 Qxe5 10. Nf3 Bxc3 11. bxc3 Qc5 12. Ng5 h6 13. Ne4 Qa3+ 14. Kb1 d5 15. Nf6+ Kh8 16. cxd5 cxd5 17. Bc2 Nd7 18. Nxd5 Ne5 19. Qd4 Nc6 20. Qd3 g6 21. Qe3 Kg7 22. Qf4 Be6 23. Qf6+ Kh7 24. Bxg6+ fxg6 25. Qxe6 Rxf2 26. Nf6+ Kh8 0-1